Panduan menggunakan teori motivasi di tempat kerja

Bibliographic Details
Main Author: Ainon Mohd
Corporate Author: Title
Format: Book
Published: Pahang : PTS Professional Publishing , 2005
Series:Siri pembangunan kerjaya
Subjects:

MARC

LEADER 00000cam a2200000 7i4500
001 0000012006
005 20071127.0
008 071123
020 |a 9833376770 
090 0 0 |a 658.314   |b AIN 
100 0 |a Ainon Mohd 
245 1 0 |a Panduan menggunakan teori motivasi di tempat kerja   |c Ainon Mohd 
260 |a Pahang :   |b PTS Professional Publishing ,   |c 2005 
440 |a Siri pembangunan kerjaya 
650 0 |a Employee motivations 
650 0 |a Motivation (Psychology)   |x Philosophy 
710 0 |a Title 
999 |a 0000909777   |b Book   |c Adult Collection   |e Cawangan Bandar Tenggara 
999 |a 0000924302   |b Book   |c Adult Collection   |e Cawangan Bukit Gambir 
999 |a 0000933230   |b Book   |c Adult Collection   |e Cawangan Tangkak 
999 |a 0000933231   |b Book   |c Adult Collection   |e Cawangan Tangkak 
999 |a 0001003926   |b Book   |c Adult Collection   |e Perbadanan Perpustakaan Awam Johor 
999 |a 0001003927   |b Book   |c Adult Collection   |e Perbadanan Perpustakaan Awam Johor 
999 |a 0001003928   |b Book   |c Adult Collection   |e Perbadanan Perpustakaan Awam Johor 
999 |a 0001003929   |b Book   |c Adult Collection   |e Cawangan Urban Transformation Centre 
999 |a 0001003930   |b Book   |c Adult Collection   |e Perbadanan Perpustakaan Awam Johor 
999 |a 0001010445   |b Book   |c Adult Collection   |e Cawangan Tangkak